000 01429cam a2200145 4500500
005 20260329023241.0
041 _afre
042 _adc
100 1 0 _aMarie, Michel
_eauthor
700 1 0 _aMarié, Michel
_eauthor
245 0 0 _aLa belle histoire du cinéma français en 101 films
260 _bArmand Colin,
_c2018.
520 _aRésumer 120 ans de cinéma peut sembler ambitieux, et c’est pourtant le pari réussi de ce livre. Des débuts du muet au cinéma le plus contemporain, plongez dans l’immense patrimoine français du 7e art à travers l’évocation de 101 films et autant de cinéastes remarquables. 101 films, parmi lesquels des classiques incontournables, des succès publics, des films rares ou novateurs, qui font chacun l’objet d’un résumé suivi d’une analyse, où le contexte de leur tournage, leurs thèmes, leur esthétique, leur audience ainsi que leur influence sont abordés et illustrés. Une sacrée Belle Histoire pour revivre les heures glorieuses des pionniers, arpenter les années politiques et celles de la conquête au féminin, découvrir ou redécouvrir sous un nouvel angle quelques-unes des œuvres qui ont marqué plus d’un siècle de production française, et inscrire les films récents dans cette prestigieuse généalogie.
856 4 1 _uhttps://shs.cairn.info/la-belle-histoire-du-cinema-francais-en-101-films--9782200621599?lang=fr&redirect-ssocas=7080
999 _c1925791
_d1925791